000 01343 a2200265 4500
001 53045
005 20260407155804.0
008 260407a1996 arg spa d
003 AR-UNSa-BCEJYS
040 _aAR-UNSa-BCEJYS
_bspa
_cAR-UNSa-BCEJYS
080 _a330.43
_xEconometría
245 1 0 _aIntroducción a la econometría
020 _a978-968-880-697-5
250 _a2a. ed.
264 1 _aMéxico :
_bPrentice-Hall Hispanoamericana
_c1996
300 _axviii, 715 p.
_c23 cm.
505 _a1. ¿Qué es la Econometría? - 2. Antecedentes estadísticos y álgebra matricial - 3. Regresión simple - 4. Regresión múltiple - 5. Heterocedasticidad - 6. Autocorrelación - 7. Multicolinealidad - 8. Variables indicadores y truncadas - 9. Modelos de ecuaciones simultáneas - 10. Modelos de expectativas - 11. Errores variables - 12. Verificación de diagnóstico, selección de modelo y prueba de especificacón - 13. Introducción al análisis de series de tiempo - 14. Autorregresiones de vectores, raíces unitarias y cointegración
041 _aspa
942 _cBK
590 _aniveau_biblio:m niveau_hierar:0
100 1 _aMaddala, G.S.
700 1 _aJolly Vallejo, Juan Carlos
700 1 _aAlegría, Alejandro
856 4 1 _uhttps://www.biblioeco.unsa.edu.ar/pmb/images/libros/L128411.jpg
_yImagen de portada
_qimage/jpeg
999 _c5054
_d5054